[Event "GBR-ch87"]
[Site "Millfield"]
[Date "2000.08.08"]
[Round "8.3"]
[White "Hodgson, Julian"]
[Black "Summerscale, Aaron"]
[Result "1-0"]
[WhiteElo "2640"]
[BlackElo "2459"]
[PlyCount "61"]
[EventDate "2000.07.31"]
[EventType "swiss"]
[EventRounds "11"]
[EventCountry "GBR"]
[SourceTitle "BritBase"]
[SourceDate "2008.07.14"]
[SourceVersion "1"]
[SourceVersionDate "2008.07.14"]
[SourceQuality "2"]

1. c4 e6 2. Nc3 d5 3. d4 Be7 4. cxd5 exd5 5. Bf4 Nf6 6. e3 Bf5 7. h3 O-O 8. g4
Be6 9. Bg2 c6 10. Nge2 Nbd7 11. O-O Nb6 12. Bg3 Re8 13. b3 Rc8 14. Rc1 Bd6 15.
Bh4 a6 16. Rc2 Rc7 17. Qc1 Bc8 18. Nf4 Na8 19. Nh5 Be7 20. Bxf6 Bxf6 21. Nxf6+
gxf6 22. Ne2 f5 23. f3 Qg5 24. Nf4 Rce7 25. e4 dxe4 26. fxe4 fxe4 27. Rc5 Qh4
28. Nh5 f5 29. Qh6 Rf8 30. g5 Qg3 31. Nxg3 1-0

[Event "GBR-ch87"]
[Site "Millfield"]
[Date "2000.08.08"]
[Round "8.6"]
[White "Crouch, Colin"]
[Black "Emms, John"]
[Result "1-0"]
[WhiteElo "2448"]
[BlackElo "2527"]
[PlyCount "87"]
[EventDate "2000.07.31"]
[EventType "swiss"]
[EventRounds "11"]
[EventCountry "GBR"]
[SourceTitle "BritBase"]
[SourceDate "2008.07.14"]
[SourceVersion "1"]
[SourceVersionDate "2008.07.14"]
[SourceQuality "2"]

1. d4 Nf6 2. c4 e6 3. Nf3 c5 4. d5 d6 5. Nc3 exd5 6. cxd5 g6 7. e4 a6 8. a4 Bg4
9. Qb3 Bxf3 10. Qxb7 Bxg2 11. Bxg2 Nbd7 12. O-O Be7 13. f4 O-O 14. e5 dxe5 15.
d6 Bxd6 16. Qxa8 Qxa8 17. Bxa8 Rxa8 18. a5 Re8 19. Ra4 Kg7 20. Rd1 Re6 21. Kg2
exf4 22. Bxf4 Bxf4 23. Rxf4 Ne5 24. Ne4 Nc4 25. Nxc5 Ne3+ 26. Kf3 Nxd1 27.
Nxe6+ fxe6 28. Rb4 Nd5 29. Rb6 Kf6 30. Ke2 N1e3 31. Rxa6 Ke7 32. Ra7+ Kd6 33.
Rxh7 Nc4 34. a6 Nxb2 35. a7 Nb6 36. Rg7 Kc6 37. Rxg6 Kb7 38. Rxe6 Nd5 39. Kf3
Nd3 40. Rd6 N3b4 41. h4 Kxa7 42. h5 Kb7 43. h6 Kc7 44. Rxd5 1-0

[Event "GBR-ch87"]
[Site "Millfield"]
[Date "2000.08.08"]
[Round "8.7"]
[White "Crawley, Gavin"]
[Black "Lalic, Bogdan"]
[Result "1/2-1/2"]
[WhiteElo "2401"]
[BlackElo "2520"]
[PlyCount "189"]
[EventDate "2000.07.31"]
[EventType "swiss"]
[EventRounds "11"]
[EventCountry "GBR"]
[SourceTitle "BritBase"]
[SourceDate "2008.07.14"]
[SourceVersion "1"]
[SourceVersionDate "2008.07.14"]
[SourceQuality "2"]

1. e4 c5 2. Nf3 e6 3. d3 d5 4. Nbd2 Nc6 5. g3 g6 6. Bg2 Bg7 7. O-O Nge7 8. Re1
h6 9. c3 b6 10. exd5 Nxd5 11. Nc4 O-O 12. Nfe5 Nce7 13. a4 Rb8 14. Qg4 Qc7 15.
Qh4 a6 16. Be4 Bxe5 17. Bxd5 Nf5 18. Qh3 Bxg3 19. hxg3 exd5 20. Bf4 Qd8 21.
Bxb8 dxc4 22. dxc4 Qd3 23. Qh1 Qxc4 24. Bc7 Be6 25. Qe4 Qb3 26. Re2 Bd5 27. Qf4
b5 28. axb5 axb5 29. Rae1 Kh7 30. Bb6 Rc8 31. Re5 Be6 32. Qd2 Rb8 33. Bxc5 Rb7
34. Qe2 Rd7 35. Ba3 Bc4 36. Qe4 Ng7 37. Re7 Rd2 38. Rc7 Bd5 39. Qe5 Qc2 40. Bc5
Rd1 41. Bd4 Rxe1+ 42. Qxe1 Qf5 43. Rc5 Qf3 44. Rxd5 Qxd5 45. Qe5 Qxe5 46. Bxe5
Ne8 47. Kf1 f6 48. Bb8 Kg7 49. Ke2 Kf7 50. Kd3 Ke6 51. Kd4 h5 52. Kc5 g5 53.
Kxb5 Nd6+ 54. Kc6 Nc4 55. b4 Ne5+ 56. Bxe5 fxe5 57. b5 h4 58. b6 h3 59. b7 h2
60. b8=Q h1=Q+ 61. Kc5 Qd5+ 62. Kb4 Qd2 63. Qb6+ Kf5 64. Qe3 Qb2+ 65. Kc5 Qa3+
66. Kc4 Qa4+ 67. Kd3 g4 68. Ke2 Qc2+ 69. Kf1 Qb1+ 70. Qe1 Qb7 71. Kg1 Qb2 72.
Qe3 Qb1+ 73. Kh2 Ke6 74. Qh6+ Kd5 75. Qg7 Qf5 76. Qb7+ Kc4 77. Qb4+ Kd5 78.
Qb5+ Kd6 79. Kg1 Qf3 80. c4 Qd1+ 81. Kh2 Qd4 82. Qb8+ Kc5 83. Qb5+ Kd6 84. Qb4+
Kc6 85. Kg2 Qe4+ 86. Kg1 Qd4 87. Qb5+ Kd6 88. Qb8+ Kc5 89. Qb5+ Kd6 90. Qb4+
Kc6 91. Qe7 Qa1+ 92. Kh2 Qd4 93. Qf7 Kc5 94. Qc7+ Kb4 95. Kg2 1/2-1/2

[Event "GBR-ch87"]
[Site "Millfield"]
[Date "2000.08.08"]
[Round "8.9"]
[White "Turner, Matthew"]
[Black "Simutowe, Amon"]
[Result "1-0"]
[WhiteElo "2491"]
[BlackElo "2322"]
[PlyCount "167"]
[EventDate "2000.07.31"]
[EventType "swiss"]
[EventRounds "11"]
[EventCountry "GBR"]
[SourceTitle "BritBase"]
[SourceDate "2008.07.14"]
[SourceVersion "1"]
[SourceVersionDate "2008.07.14"]
[SourceQuality "2"]

1. c4 c5 2. Nc3 Nc6 3. g3 g6 4. Bg2 Bg7 5. Nf3 e5 6. O-O Nge7 7. Ne1 O-O 8. d3
d6 9. Nc2 Rb8 10. Rb1 Be6 11. Bg5 f6 12. Be3 b6 13. b4 Qd7 14. b5 Nd4 15. Bd2
d5 16. cxd5 Nxd5 17. Nxd5 Bxd5 18. Bxd5+ Qxd5 19. a4 f5 20. Nxd4 exd4 21. Qc2
Rfe8 22. Rfe1 Re6 23. Qc4 Qxc4 24. dxc4 Rbe8 25. Kf1 h6 26. a5 g5 27. Rb3 Kf7
28. Ra3 Kg6 29. e3 dxe3 30. Rexe3 Bd4 31. Rxe6+ Rxe6 32. axb6 axb6 33. Ra7 Bf6
34. Be3 Re7 35. Ra6 Rb7 36. h4 Be7 37. Ke2 Bd6 38. hxg5 hxg5 39. Ra8 Bb8 40.
Kf3 g4+ 41. Ke2 Kf7 42. Ra1 Kg6 43. Rd1 Re7 44. Rd8 Bc7 45. Rf8 Be5 46. Kd3
Rd7+ 47. Kc2 Re7 48. Rg8+ Kf7 49. Rg5 Kf6 50. Rh5 Re6 51. Bg5+ Kf7 52. Bh4 Rd6
53. f4 gxf3 54. Rxf5+ Ke6 55. Rxf3 Rd4 56. Kb3 Rd1 57. Re3 Rb1+ 58. Kc2 Rb4 59.
Kd3 Rb3+ 60. Ke2 Rb4 61. Re4 Kf5 62. Kf3 Bd4 63. g4+ Kg6 64. Re6+ Kf7 65. Rxb6
Rxc4 66. Rc6 Rb4 67. b6 c4 68. Rc7+ Kg6 69. b7 Ba7 70. g5 Bb8 71. Rc6+ Kg7 72.
Bf2 c3 73. Be1 Rxb7 74. Bxc3+ Kg8 75. Bd4 Rc7 76. Rg6+ Kf7 77. Rh6 Rc8 78. Ke4
Re8+ 79. Kf5 Rf8 80. Bf6 Bd6 81. g6+ Ke8 82. g7 Rg8 83. Kg6 Bf8 84. Rh8 1-0

[Event "GBR-ch87"]
[Site "Millfield"]
[Date "2000.08.08"]
[Round "8.10"]
[White "Kelly, Brian"]
[Black "Arkell, Keith"]
[Result "1/2-1/2"]
[WhiteElo "2426"]
[BlackElo "2481"]
[PlyCount "91"]
[EventDate "2000.07.31"]
[EventType "swiss"]
[EventRounds "11"]
[EventCountry "GBR"]
[SourceTitle "BritBase"]
[SourceDate "2008.07.14"]
[SourceVersion "1"]
[SourceVersionDate "2008.07.14"]
[SourceQuality "2"]

1. c4 c5 2. g3 Nc6 3. Bg2 g6 4. Nc3 Bg7 5. a3 a5 6. d3 Nf6 7. Nh3 e5 8. O-O d6
9. f4 O-O 10. Kh1 Nh5 11. e3 exf4 12. gxf4 Qh4 13. Qf3 a4 14. Bd2 Bg4 15. Qf2
Qxf2 16. Nxf2 Bf5 17. Nb5 Rad8 18. Bc3 Rfe8 19. Rfe1 Nf6 20. Nc7 Rf8 21. Bf3
Rc8 22. Nb5 Rcd8 23. Rad1 Be6 24. Nc7 Bc8 25. Nb5 Rfe8 26. Nc7 Rf8 27. Na8 Bg4
28. Nxg4 Nxg4 29. Bxg4 Rxa8 30. Bf3 Rfe8 31. Kg2 Rab8 32. Rb1 Re7 33. Kf2 Ra8
34. Bxg7 Kxg7 35. b3 axb3 36. Rxb3 h6 37. h4 h5 38. Reb1 Nd8 39. Bd5 Ra7 40.
Kf3 Rc7 41. Rb6 Nc6 42. R1b3 Na5 43. R3b5 Nc6 44. Rb3 Na5 45. Rb1 Nc6 46. R1b3
1/2-1/2

[Event "GBR-ch87"]
[Site "Millfield"]
[Date "2000.08.08"]
[Round "8.12"]
[White "Wohl, Aleksandar"]
[Black "Mahesh Chandran, Panjanathan"]
[Result "1-0"]
[WhiteElo "2461"]
[BlackElo "2238"]
[PlyCount "59"]
[EventDate "2000.07.31"]
[EventType "swiss"]
[EventRounds "11"]
[EventCountry "GBR"]
[SourceTitle "BritBase"]
[SourceDate "2008.07.14"]
[SourceVersion "1"]
[SourceVersionDate "2008.07.14"]
[SourceQuality "2"]

1. c4 Nf6 2. Nc3 e6 3. e4 d5 4. e5 d4 5. Nce2 Nfd7 6. f4 g5 7. Nxd4 gxf4 8.
Ndf3 c5 9. d3 Nc6 10. Bxf4 Bg7 11. Qe2 Qa5+ 12. Kf2 Qc7 13. Re1 b6 14. g3 Bb7
15. Bg2 Nf8 16. Nh3 Ng6 17. Rhf1 Rd8 18. a3 O-O 19. Kg1 Rd7 20. Nf2 Rfd8 21.
Bg5 Nce7 22. Bf6 Bc6 23. Ng5 Bxg2 24. Qh5 h6 25. Bxg7 Kxg7 26. Ng4 Ng8 27.
Rxf7+ Rxf7 28. Nxe6+ Kh7 29. Nxc7 Rxc7 30. Kxg2 1-0

[Event "GBR-ch87"]
[Site "Millfield"]
[Date "2000.08.08"]
[Round "8.13"]
[White "Greet, Andrew"]
[Black "Knott, Simon"]
[Result "0-1"]
[WhiteElo "2266"]
[BlackElo "2381"]
[PlyCount "126"]
[EventDate "2000.07.31"]
[EventType "swiss"]
[EventRounds "11"]
[EventCountry "GBR"]
[SourceTitle "BritBase"]
[SourceDate "2008.07.14"]
[SourceVersion "1"]
[SourceVersionDate "2008.07.14"]
[SourceQuality "2"]

1. e4 e6 2. d3 d5 3. Nd2 c5 4. Ngf3 Nc6 5. g3 Nf6 6. Bg2 Be7 7. O-O O-O 8. Re1
b5 9. e5 Nd7 10. Nf1 a5 11. h4 Ba6 12. N1h2 b4 13. Bf4 a4 14. Ng5 Qe8 15. Qh5
Bxg5 16. Qxg5 Nd4 17. Rac1 b3 18. axb3 axb3 19. c3 Nc2 20. Red1 Bb5 21. Rb1 Ra4
22. Nf3 h6 23. Qh5 c4 24. d4 f5 25. Qxe8 Rxe8 26. Rdc1 Ra2 27. Ne1 Nxe1 28.
Rxe1 Nb6 29. h5 Rf8 30. Bf3 Na4 31. Bc1 Be8 32. Be2 g5 33. f4 g4 34. Kf2 Bf7
35. Ke3 Ra8 36. Rh1 Ra6 37. Kf2 Nb6 38. Bd2 Na8 39. Kg2 Nc7 40. Kf2 Ne8 41. Kg2
Ng7 42. Kf2 Kh7 43. Kg2 Bxh5 44. Kf2 Bf7 45. Kg2 h5 46. Kf2 Ne8 47. Ke3 Nc7 48.
Kf2 Na8 49. Ke3 Nb6 50. Kf2 Kg7 51. Ke3 Ra8 52. Kf2 Nc8 53. Ke3 Ne7 54. Be1 Ra1
55. Bf2 Rxb1 56. Rxb1 Ra2 57. Bf1 Nc8 58. Kd2 Nb6 59. Be1 Na4 60. Kc1 Kh6 61.
Be2 h4 62. Bf1 hxg3 63. Bxg3 Bh5 0-1

[Event "GBR-ch87"]
[Site "Millfield"]
[Date "2000.08.08"]
[Round "8.14"]
[White "Williams, Simon K"]
[Black "Rudd, Jack"]
[Result "1-0"]
[WhiteElo "2353"]
[BlackElo "2176"]
[PlyCount "77"]
[EventDate "2000.07.31"]
[EventType "swiss"]
[EventRounds "11"]
[EventCountry "GBR"]
[SourceTitle "BritBase"]
[SourceDate "2008.07.14"]
[SourceVersion "1"]
[SourceVersionDate "2008.07.14"]
[SourceQuality "2"]

1. c4 Nf6 2. Nc3 g6 3. g3 Bg7 4. Bg2 O-O 5. e4 d6 6. Nge2 c5 7. O-O Nc6 8. d3
Ne8 9. Be3 Nd4 10. Rb1 e5 11. b4 b6 12. Nd5 Bg4 13. f3 Be6 14. Qd2 Qd7 15. Nxd4
cxd4 16. Bh6 Bxd5 17. exd5 Rc8 18. Rbe1 b5 19. Rc1 bxc4 20. dxc4 Qa4 21. Bxg7
Nxg7 22. f4 Rb8 23. fxe5 dxe5 24. c5 Nf5 25. Rxf5 gxf5 26. Qg5+ Kh8 27. Qxf5
Qa3 28. Qf6+ Kg8 29. Re1 Qxb4 30. Rxe5 Qb1+ 31. Bf1 h6 32. Qxh6 f6 33. Rh5 Kf7
34. Qh7+ Qxh7 35. Rxh7+ Kg8 36. Rh4 Rbc8 37. c6 Rfd8 38. Bh3 Rc7 39. Bd7 1-0

[Event "GBR-ch87"]
[Site "Millfield"]
[Date "2000.08.08"]
[Round "8.15"]
[White "Jackson, Oliver"]
[Black "McFarland, Robert S"]
[Result "0-1"]
[WhiteElo "2209"]
[BlackElo "2267"]
[PlyCount "68"]
[EventDate "2000.07.31"]
[EventType "swiss"]
[EventRounds "11"]
[EventCountry "GBR"]
[SourceTitle "BritBase"]
[SourceDate "2008.07.14"]
[SourceVersion "1"]
[SourceVersionDate "2008.07.14"]
[SourceQuality "2"]

1. e4 c5 2. f4 g6 3. Nf3 Nc6 4. Bb5 Nd4 5. Nxd4 cxd4 6. O-O Bg7 7. d3 a6 8. Ba4
Nf6 9. Nd2 O-O 10. Nf3 d6 11. Qe1 Nd7 12. Bb3 Nc5 13. f5 gxf5 14. Qg3 Kh8 15.
Qh4 f6 16. Nxd4 Nxb3 17. axb3 fxe4 18. dxe4 e6 19. Be3 Bd7 20. Rf3 Rf7 21. Raf1
Qf8 22. g4 Rc8 23. c3 Qg8 24. Qh5 Rc5 25. Qh4 Re5 26. Bf4 Rxe4 27. Bxd6 Bf8 28.
Bg3 Rxg4 29. Qh3 e5 30. Nf5 Bc5+ 31. Kh1 Rg5 32. Qh4 Qg6 33. Qc4 Rxf5 34. Rxf5
Qxf5 0-1

[Event "GBR-ch87"]
[Site "Millfield"]
[Date "2000.08.08"]
[Round "8.16"]
[White "McMichael, Richard"]
[Black "Lilley, Graham"]
[Result "1-0"]
[WhiteElo "2250"]
[BlackElo "2224"]
[PlyCount "107"]
[EventDate "2000.07.31"]
[EventType "swiss"]
[EventRounds "11"]
[EventCountry "GBR"]
[SourceTitle "BritBase"]
[SourceDate "2008.07.14"]
[SourceVersion "1"]
[SourceVersionDate "2008.07.14"]
[SourceQuality "2"]

1. b3 e5 2. Bb2 Nc6 3. e3 d5 4. Bb5 Bd6 5. f4 Qh4+ 6. g3 Qe7 7. Nf3 Bg4 8. fxe5
Bxf3 9. Qxf3 Bxe5 10. Bxe5 Qxe5 11. Bxc6+ bxc6 12. O-O Nf6 13. Nc3 O-O 14. Qf4
Qe7 15. Rf2 Rab8 16. Raf1 Rb4 17. Qf5 Ne4 18. a3 Nd6 19. Qd3 Rb6 20. Rf4 Nb5
21. Nxb5 Rxb5 22. Ra4 a5 23. Rh4 g6 24. a4 Rb4 25. Rff4 Rfb8 26. Rxb4 Rxb4 27.
Rxb4 Qxb4 28. Kg2 Qg4 29. c4 dxc4 30. Qxc4 Qxc4 31. bxc4 Kf8 32. Kf3 Ke7 33. d4
Kd6 34. Kf4 f6 35. g4 Ke6 36. g5 f5 37. e4 fxe4 38. Kxe4 Kd6 39. c5+ Ke6 40. h3
Kd7 41. d5 Ke7 42. Ke5 cxd5 43. Kxd5 Kd7 44. c6+ Ke7 45. Kc5 Ke6 46. Kb5 Kd6
47. Kxa5 Kxc6 48. Ka6 Kd5 49. Kb5 c5 50. a5 c4 51. a6 c3 52. a7 c2 53. a8=Q+
Kd4 54. Qa1+ 1-0

[Event "GBR-ch87"]
[Site "Millfield"]
[Date "2000.08.08"]
[Round "8.17"]
[White "Buckley, Simon"]
[Black "Douglas, Timothy"]
[Result "1-0"]
[WhiteElo "2237"]
[BlackElo "2015"]
[PlyCount "109"]
[EventDate "2000.07.31"]
[EventType "swiss"]
[EventRounds "11"]
[EventCountry "GBR"]
[SourceTitle "BritBase"]
[SourceDate "2008.07.14"]
[SourceVersion "1"]
[SourceVersionDate "2008.07.14"]
[SourceQuality "2"]

1. e4 g6 2. d4 d6 3. Nc3 c6 4. Nf3 Bg7 5. Be3 Qa5 6. Qd2 Bg4 7. Be2 Nd7 8. h3
Bxf3 9. Bxf3 e5 10. dxe5 dxe5 11. Bg4 Ngf6 12. Bxd7+ Nxd7 13. O-O-O O-O-O 14.
Qe2 Bf8 15. Qc4 f6 16. Kb1 Kb8 17. Qe6 Qc7 18. Rd3 Bb4 19. Rhd1 Nc5 20. Rxd8+
Rxd8 21. Qxf6 Rxd1+ 22. Nxd1 Nd7 23. Qh8+ Nf8 24. Bh6 Qe7 25. Bxf8 Qxf8 26.
Qxe5+ Bd6 27. Qe6 Qf4 28. a3 Qd2 29. Ne3 a6 30. Nc4 Qd1+ 31. Ka2 Bc7 32. Ne3
Bb6 33. Qb3 Qd8 34. f3 Qd4 35. Nc4 Bc7 36. Qd3 Qf2 37. e5 b5 38. Nd6 Qc5 39. f4
a5 40. g3 Ka7 41. Ne8 Bb8 42. Nf6 Bc7 43. Qc3 Qb6 44. Nd7 Qb7 45. Qc5+ Ka6 46.
e6 Bd8 47. Qf8 Qc7 48. e7 Bxe7 49. Qxe7 Qc8 50. Qd6 a4 51. g4 Qg8+ 52. b3 axb3+
53. cxb3 Kb7 54. Ne5 Ka7 55. Nd7 1-0

[Event "GBR-ch87"]
[Site "Millfield"]
[Date "2000.08.08"]
[Round "8.18"]
[White "Simons, Martin"]
[Black "Broomfield, Matthew"]
[Result "1/2-1/2"]
[WhiteElo "2226"]
[BlackElo "2192"]
[PlyCount "124"]
[EventDate "2000.07.31"]
[EventType "swiss"]
[EventRounds "11"]
[EventCountry "GBR"]
[SourceTitle "BritBase"]
[SourceDate "2008.07.14"]
[SourceVersion "1"]
[SourceVersionDate "2008.07.14"]
[SourceQuality "2"]

1. e4 Nf6 2. Nc3 d5 3. d4 e6 4. Bg5 Bb4 5. e5 h6 6. Bd2 Bxc3 7. bxc3 Ne4 8. Qg4
g6 9. Bd3 Nxd2 10. Kxd2 c5 11. Nf3 Qa5 12. Qf4 Nd7 13. Rhb1 b6 14. Bb5 a6 15.
Bd3 Bb7 16. h4 Rc8 17. g4 cxd4 18. Qxd4 Nc5 19. Qb4 Qa4 20. Nd4 Qxb4 21. cxb4
Na4 22. f4 h5 23. f5 gxf5 24. gxf5 Kd7 25. Rg1 Rcg8 26. fxe6+ fxe6 27. Raf1 Ke7
28. Rg6 Bc8 29. Rfg1 Rf8 30. Rg7+ Rf7 31. Rxf7+ Kxf7 32. Rg5 Nb2 33. Bg6+ Ke7
34. Bxh5 Nc4+ 35. Ke2 Rh7 36. Kf2 Nd2 37. Bf3 Rxh4 38. Rg7+ Kf8 39. Rc7 Rxd4
40. Rxc8+ Ke7 41. Rc7+ Kd8 42. Rc6 Rxb4 43. Rxe6 Nxf3 44. Kxf3 a5 45. a3 Rb2
46. Ke3 Kd7 47. Rd6+ Kc7 48. Rxd5 Rxc2 49. a4 Rc4 50. Rd4 Rc1 51. Ke4 Re1+ 52.
Kf5 Rf1+ 53. Ke6 Kc6 54. Rc4+ Kb7 55. Ke7 b5 56. axb5 Kb6 57. e6 Kxb5 58. Re4
a4 59. Kd7 a3 60. e7 Rf7 61. Kd6 Rxe7 62. Rxe7 Kb4 1/2-1/2

[Event "GBR-ch87"]
[Site "Millfield"]
[Date "2000.08.08"]
[Round "8.19"]
[White "Willmoth, Robert"]
[Black "Wise, David"]
[Result "1-0"]
[WhiteElo "2211"]
[BlackElo "2173"]
[PlyCount "147"]
[EventDate "2000.07.31"]
[EventType "swiss"]
[EventRounds "11"]
[EventCountry "GBR"]
[SourceTitle "BritBase"]
[SourceDate "2008.07.14"]
[SourceVersion "1"]
[SourceVersionDate "2008.07.14"]
[SourceQuality "2"]

1. e4 e5 2. Nc3 Nf6 3. g3 d5 4. exd5 Nxd5 5. Bg2 Nxc3 6. bxc3 Bd6 7. d3 O-O 8.
Nf3 Nc6 9. O-O Bg4 10. h3 Bd7 11. Rb1 Rb8 12. c4 f5 13. Re1 Qf6 14. Nd2 b6 15.
Bb2 Rbe8 16. c3 e4 17. d4 e3 18. Rxe3 Rxe3 19. fxe3 Bxg3 20. Qf3 Bd6 21. Rf1
Qe7 22. Bc1 Na5 23. Qe2 Qg5 24. e4 fxe4 25. Nxe4 Qg6 26. Nxd6 Rxf1+ 27. Qxf1
cxd6 28. Kh1 Bc6 29. d5 Bd7 30. Bf4 Nb7 31. Qe1 Qf6 32. Qg3 Bf5 33. Qe3 h6 34.
Qe8+ Qf8 35. Qe3 Qf6 36. Bg3 Kf7 37. Kh2 g5 38. Bf3 Bg6 39. Qe6+ Kg7 40. Bg4
Qxe6 41. Bxe6 Bd3 42. Bc8 Nc5 43. Bxd6 Bxc4 44. Bxc5 bxc5 45. d6 Kf7 46. a3 h5
47. Kg3 Be2 48. Kf2 Bd1 49. Bf5 Kf6 50. Ke3 Ba4 51. Bc8 Bc2 52. Kf3 Bb1 53. Kg3
Bc2 54. h4 g4 55. Kf4 Ba4 56. Bf5 Bb5 57. Bc8 Bc6 58. Kg3 Be4 59. Bd7 Kf7 60.
Kf4 Bb7 61. Bf5 Ba6 62. Bg6+ Ke6 63. Bxh5 g3 64. Kxg3 Kxd6 65. Kf4 Bd3 66. Be8
Kd5 67. Bf7+ Kc6 68. h5 Bh7 69. Ke5 Kb5 70. c4+ Ka4 71. Kd5 Kxa3 72. Kxc5 a5
73. Kb5 a4 74. c5 1-0

[Event "GBR-ch87"]
[Site "Millfield"]
[Date "2000.08.08"]
[Round "8.20"]
[White "Waters, Clive"]
[Black "Buckley, Graeme"]
[Result "0-1"]
[WhiteElo "2170"]
[BlackElo "2351"]
[PlyCount "80"]
[EventDate "2000.07.31"]
[EventType "swiss"]
[EventRounds "11"]
[EventCountry "GBR"]
[SourceTitle "BritBase"]
[SourceDate "2008.07.14"]
[SourceVersion "1"]
[SourceVersionDate "2008.07.14"]
[SourceQuality "2"]

1. d4 Nf6 2. Nf3 g6 3. Nc3 d5 4. Bf4 Bg7 5. e3 c6 6. Be2 Bg4 7. h3 Bxf3 8. Bxf3
Nbd7 9. O-O O-O 10. Qd2 Re8 11. Rfe1 e5 12. dxe5 Nxe5 13. Bxe5 Rxe5 14. Qd4 Qe7
15. Qa4 Nd7 16. Kf1 Nb6 17. Qb3 Re8 18. Red1 Nc4 19. Kg1 b5 20. Ne2 a6 21. c3
Rf5 22. Nd4 Rf6 23. Qc2 Rd6 24. Re1 Qh4 25. Be2 Ne5 26. Nf3 Nxf3+ 27. Bxf3 h5
28. Rad1 Re5 29. Rd4 Qe7 30. Rd3 Rde6 31. a3 Rf5 32. Qe2 Qh4 33. Rb1 Rg5 34.
Kh1 Be5 35. Bxd5 cxd5 36. f4 Bc7 37. fxg5 Qg3 38. Kg1 Qh2+ 39. Kf2 Bg3+ 40. Kf3
Bh4 0-1

[Event "GBR-ch87"]
[Site "Millfield"]
[Date "2000.08.08"]
[Round "8.21"]
[White "Evans-Quek, Suan"]
[Black "Snape, Ian"]
[Result "1-0"]
[WhiteElo "2261"]
[BlackElo "2170"]
[PlyCount "111"]
[EventDate "2000.07.31"]
[EventType "swiss"]
[EventRounds "11"]
[EventCountry "GBR"]
[SourceTitle "BritBase"]
[SourceDate "2008.07.14"]
[SourceVersion "1"]
[SourceVersionDate "2008.07.14"]
[SourceQuality "2"]

1. d4 Nf6 2. g3 g6 3. Bg2 Bg7 4. c3 O-O 5. Bg5 d5 6. Nd2 Nbd7 7. Qb3 c6 8. Ngf3
h6 9. Bxf6 Nxf6 10. O-O Rb8 11. Rfe1 Ne4 12. Nxe4 dxe4 13. Nd2 e5 14. e3 Be6
15. Qa3 f5 16. Qxa7 Ra8 17. Qxb7 Qd6 18. Bf1 Rfb8 19. Nc4 Rxb7 20. Nxd6 Rxb2
21. a4 Rc2 22. d5 Bxd5 23. c4 Be6 24. a5 Bf8 25. Red1 Kg7 26. a6 Bxd6 27. Rxd6
Bxc4 28. Bxc4 Rxc4 29. Rd7+ Kf6 30. Rb7 Rc5 31. a7 Rb5 32. Rh7 Rb6 33. h4 h5
34. Kf1 Ke6 35. Rg7 Kf6 36. Rc7 f4 37. exf4 exf4 38. gxf4 Kf5 39. Rf7+ Kg4 40.
Ra3 Kxh4 41. Kg2 c5 42. Rh3+ Kg4 43. Rg3+ Kh4 44. Re7 Rb4 45. Rxg6 Ra4 46. Rgg7
Rf8 47. Rb7 Rb4 48. f5 Rxb7 49. Rxb7 Ra8 50. f6 c4 51. f7 c3 52. Rc7 e3 53.
fxe3 c2 54. Rxc2 Rxa7 55. f8=Q Rg7+ 56. Kf2 1-0

[Event "GBR-ch87"]
[Site "Millfield"]
[Date "2000.08.08"]
[Round "8.23"]
[White "Spence, David J"]
[Black "Stephenson, F Norman"]
[Result "1/2-1/2"]
[WhiteElo "2153"]
[BlackElo "2241"]
[PlyCount "24"]
[EventDate "2000.07.31"]
[EventType "swiss"]
[EventRounds "11"]
[EventCountry "GBR"]
[SourceTitle "BritBase"]
[SourceDate "2008.07.14"]
[SourceVersion "1"]
[SourceVersionDate "2008.07.14"]
[SourceQuality "2"]

1. d4 d5 2. Nf3 Nf6 3. e3 Bg4 4. c4 dxc4 5. Bxc4 e6 6. Qb3 Bxf3 7. gxf3 Nbd7 8.
Nc3 Be7 9. e4 Nb6 10. Be3 Nxc4 11. Qxc4 O-O 12. Rd1 c6 1/2-1/2

[Event "GBR-ch87"]
[Site "Millfield"]
[Date "2000.08.08"]
[Round "8.24"]
[White "Morgan, Ben"]
[Black "Kemp, Peter D"]
[Result "1/2-1/2"]
[WhiteElo "2035"]
[BlackElo "2214"]
[PlyCount "76"]
[EventDate "2000.07.31"]
[EventType "swiss"]
[EventRounds "11"]
[EventCountry "GBR"]
[SourceTitle "BritBase"]
[SourceDate "2008.07.14"]
[SourceVersion "1"]
[SourceVersionDate "2008.07.14"]
[SourceQuality "2"]

1. e4 Nc6 2. Nf3 e5 3. Bc4 Bc5 4. c3 Nf6 5. d3 d6 6. Bb3 O-O 7. O-O Be6 8. Bxe6
fxe6 9. d4 exd4 10. cxd4 Bb6 11. Nc3 Qe8 12. h3 Qh5 13. Be3 h6 14. Qd3 g5 15.
Ne2 Qg6 16. Nd2 Nd5 17. Rad1 Nxe3 18. fxe3 Rxf1+ 19. Rxf1 d5 20. Qb3 Na5 21.
Qa3 Qg7 22. exd5 exd5 23. Ng3 Nc6 24. Nf5 Qg6 25. Qb3 Qe6 26. Rf3 Re8 27. Nf1
Ne7 28. N1g3 Nxf5 29. Nxf5 c6 30. g4 Rf8 31. Qd3 Rf7 32. Qf1 Kh7 33. Qf2 Qe4
34. Kg2 Bc7 35. Kf1 Qb1+ 36. Kg2 Qe4 37. Kf1 Qb1+ 38. Kg2 Qe4 1/2-1/2

[Event "GBR-ch87"]
[Site "Millfield"]
[Date "2000.08.08"]
[Round "8.25"]
[White "Tan, Desmond"]
[Black "Frost, Nicholas"]
[Result "1-0"]
[WhiteElo "2203"]
[BlackElo "2164"]
[PlyCount "83"]
[EventDate "2000.07.31"]
[EventType "swiss"]
[EventRounds "11"]
[EventCountry "GBR"]
[SourceTitle "BritBase"]
[SourceDate "2008.07.14"]
[SourceVersion "1"]
[SourceVersionDate "2008.07.14"]
[SourceQuality "2"]

1. e4 e6 2. d4 d5 3. Nc3 Nf6 4. Bg5 Be7 5. e5 Nfd7 6. Bxe7 Qxe7 7. f4 a6 8. Nf3
b6 9. Qd2 c5 10. Nd1 Nc6 11. c3 Bb7 12. Bd3 cxd4 13. cxd4 Qb4 14. Qxb4 Nxb4 15.
Bb1 Rc8 16. Nc3 b5 17. O-O Nc6 18. Ne2 Nb4 19. f5 O-O 20. Ng5 g6 21. fxe6 fxe6
22. Nf4 Rc4 23. Ngxe6 Re8 24. a3 Nc6 25. Ba2 g5 26. Bxc4 bxc4 27. Nxg5 Nxd4 28.
e6 Nf6 29. Rad1 Nc2 30. Rf2 Ne3 31. Re1 d4 32. h3 h6 33. Nf7 Ne4 34. Rf3 Nc2
35. Rxe4 Bxe4 36. Rg3+ Kf8 37. Nd6 Bh7 38. Nxe8 Kxe8 39. Rg7 Be4 40. Nh5 Bc6
41. Nf6+ Kf8 42. Rf7# 1-0

[Event "GBR-ch87"]
[Site "Millfield"]
[Date "2000.08.08"]
[Round "8.26"]
[White "Briggs, Philip"]
[Black "Barton, R Alan"]
[Result "1/2-1/2"]
[WhiteElo "2200"]
[BlackElo "2145"]
[PlyCount "178"]
[EventDate "2000.07.31"]
[EventType "swiss"]
[EventRounds "11"]
[EventCountry "GBR"]
[SourceTitle "BritBase"]
[SourceDate "2008.07.14"]
[SourceVersion "1"]
[SourceVersionDate "2008.07.14"]
[SourceQuality "2"]

1. e4 d5 2. exd5 Qxd5 3. Nc3 Qa5 4. Nf3 c6 5. Be2 Nf6 6. O-O Bg4 7. Ne5 Qxe5 8.
Bxg4 e6 9. Re1 Qc7 10. Bh5 Be7 11. d3 O-O 12. Re3 Nbd7 13. Rh3 Rfe8 14. Be3
Rad8 15. Qe2 Bc5 16. Re1 Bxe3 17. Rxe3 Qf4 18. Ne4 g6 19. Rf3 Qh4 20. Rxf6 Qxh5
21. Qxh5 gxh5 22. Rh6 Kg7 23. Rxh5 Nf8 24. Rg5+ Ng6 25. Ra5 a6 26. g3 Rd5 27.
Ra3 Red8 28. Kg2 h6 29. Nc3 R5d7 30. Ra4 Ne7 31. h4 h5 32. Ne2 Nf5 33. Nf4 Kh6
34. Ra5 Rg8 35. Kf1 Rg4 36. c3 Rd8 37. d4 Rdg8 38. Ree5 Re8 39. a3 Re7 40. Rac5
Rg8 41. Re1 Ree8 42. Ke2 f6 43. Kd3 Ng7 44. a4 Re7 45. a5 Rd8 46. Kc2 Rd6 47.
Ng2 Red7 48. Ne3 Rd8 49. Nc4 R6d7 50. Nb6 Rd6 51. Re2 Kg6 52. Nc4 R6d7 53. Ne3
Rh8 54. Ng2 Rd6 55. Rc4 Rhd8 56. Rb4 R6d7 57. Nf4+ Kf7 58. Nd3 Re7 59. Nc5 Rb8
60. Nxa6 Ra8 61. Nc5 Ra7 62. Rb6 Nf5 63. a6 bxa6 64. Rxc6 e5 65. dxe5 fxe5 66.
Nxa6 e4 67. Nc5 e3 68. fxe3 Nxe3+ 69. Kd3 Ng4 70. Rxe7+ Rxe7 71. Kd4 Re2 72. b4
Rd2+ 73. Kc4 Ne5+ 74. Kb5 Nxc6 75. Kxc6 Rc2 76. Ne4 Ke6 77. b5 Ke5 78. Ng5
Rxc3+ 79. Kb7 Rxg3 80. b6 Kf5 81. Kc7 Rc3+ 82. Kd7 Rb3 83. Kc7 Kg4 84. Ne4 Kxh4
85. Nf6 Kg5 86. Nxh5 Kxh5 87. b7 Rc3+ 88. Kd7 Rd3+ 89. Kc7 Rb3 1/2-1/2